| 000 | nam a22 a 4500 | ||
|---|---|---|---|
| 999 |
_c322597 _d322597 |
||
| 003 | BLK | ||
| 005 | 20220120172927.0 | ||
| 008 | 180517b bul||||| |||| 00| 0 bul d | ||
| 020 | _a978-954-9664-82-9 | ||
| 040 | _aBLK | ||
| 041 |
_aBUL _cBUL |
||
| 072 |
_9178266 _aН62 _xПриложни науки. Техника Н |
||
| 080 |
_aКозметика. Бръснаро-фризьорство. Перукерство, маникюр, педикюр и др. ; лечебна козметика _b687.5 |
||
| 100 |
_aБигс, Хелена _eпърви автор _91299 |
||
| 139 |
_aБигс, Хелена _bБ 44 |
||
| 245 |
_aДекоративен маникюр _bКолекция проекти : Забележителни и стилни идеи от професионалистите _cХелена Бигс ; Прев. Ана Чакалова |
||
| 257 | _aDEU | ||
| 260 |
_bАхат _c2017 _aСофия |
||
| 300 |
_a128 с. _bс цв. ил. _c18Х19 см |
||
| 380 | _a62 | ||
| 500 | _aБез сведение за ориг. загл. | ||
| 700 |
_9292677 _aЧакалова, Ана Симеонова _eпрев. |
||
| 852 | _aЦб І 37569 | ||
| 942 |
_cKNG _2udc _n0 _06 |
||
| 999 | _d322597 | ||
| 999 | _d322597 | ||
| 999 | _d322597 | ||
| 999 | _d322597 | ||